00482nam a22001577a 4500003000400000005001700004008004100021020001800062040000900080082002500089100002000114245005500134260002400189300001100213650010000224OSt20241014144427.0241014b |||||||| |||| 00| 0 eng d a978-81-958318 cSBCL a894.8123bMAT-S V.11 aMathew,M Thomas aSanumashinte Sampoorna KrithikalbVaayanakkappuram aKochibSAMOOHc2023 a831 p. 2Literature & rhetoricaLiteratures of other languagesv Altaic, Uralic, Hyperborean & Dravidian